La responsabilidad patrimonial del estado

Guardado en:
Detalles Bibliográficos
Autor principal: Marín González, Juan Carlos (autor)
Formato: Libro
Lenguaje:español
Publicado: Ciudad de México Porrúa 2004
Edición:1a. ed
Materias:
Etiquetas: Agregar Etiqueta
Sin Etiquetas, Sea el primero en etiquetar este registro!

MARC

LEADER 00000nam a2200000 a 4500
001 UCK6301
003 CL-VaPUC
008 050916e20040000MX |||||||||||||||||spa|d
020 |a 9700750744 
082 0 4 |a 342.088  |b MAR  |2 21 
100 |a Marín González, Juan Carlos  |e autor  |9 748893 
245 1 3 |a La responsabilidad patrimonial del estado 
250 |a 1a. ed 
300 |a 197 p 
942 |c BK 
945 |d 20050916 00:00:00  |a cmena 
260 |a Ciudad de México  |b Porrúa  |c 2004 
650 0 |a Responsabilidad del estado  |9 258115 
650 0 |a Derecho constitucional   |9 222588 
650 0 |a Jurisprudencia  |9 255952 
650 7 |a DAÑOS Y PERJUICIOS  |2 CL-VaPUC  |9 495427 
650 0 |a Normas jurídicas  |9 258310 
583 |a last modification  |c 20050916 00:00:00  |k Rodrigo Vera 
999 |c 314599  |d 314597 
952 |0 0  |1 0  |4 0  |6 342_088000000000000_MAR_2004  |7 0  |8 A  |9 387121  |a BIBDER  |b BIBDER  |d 2019-11-22  |i 4167082  |l 1  |o 342.088 MAR 2004  |p 4167082  |r 2025-01-21  |s 2025-01-21  |w 2019-11-22  |y BK  |k DER